000 00614nam a2200241Ia 4500
003 OSt
005 20220918203428.0
006 a|||||r|||| 00| 0
007 ta
008 220917b |||||||| |||| 00| 0 eng d
024 _a108,233
037 _cTextual
040 _aARTS
_cARTS
_beng
041 _2eng
_aeng
082 _aV44Q70aZ, L6
100 _aKazi F H
_9108532
245 0 _aLaw and politics in Pakistan
260 _aKarachi
_bRoyal Book
_c1976
300 _axvii, 426p.
_ccm.
650 _aHISTORY
942 _hV44Q70aZ, L6
_cTEXL
_2CC
999 _c231587
_d231587